Современная педагогика: взаимосвязь традиций и инноваций (Запись № 13391965)

Подробности
000 -МАРКЕР
контрольное поле 02844nam0a2200469 4500
001 - ИДЕНТИФИКАТОР ЗАПИСИ
контрольное поле RU\NLR\BIBL_A\022509163
005 - ИДЕНТИФИКАТОР ВЕРСИИ
контрольное поле 20250527101431.0
010 ## - МЕЖДУНАРОДНЫЙ СТАНДАРТНЫЙ НОМЕР КНИГИ (ISBN)
Номер (ISBN) 978-5-317-07333-6
010 ## - МЕЖДУНАРОДНЫЙ СТАНДАРТНЫЙ НОМЕР КНИГИ (ISBN)
Номер (ISBN) 978-5-317-07331-2
Тираж 1000
021 ## - НОМЕР ГОСУДАРСТВЕННОЙ РЕГИСТРАЦИИ
Код страны Российская Федерация
Номер КН-П-25-006869
Номер Листа государственной регистраци КН-П-25-0676
035 ## - ДРУГИЕ СИСТЕМНЫЕ НОМЕРА
Идентификатор записи (NLR Aleph) 022509163
100 ## - ДАННЫЕ ОБЩЕЙ ОБРАБОТКИ
Данные общей обработки 20250402d2024 k y0rusy50 ca
101 0# - ЯЗЫК РЕСУРСА
Язык текста, звукозаписи и т.д. русский
Язык резюме английский
102 ## - СТРАНА ПУБЛИКАЦИИ ИЛИ ПРОИЗВОДСТВА
Страна публикации Российская Федерация
105 ## - ПОЛЕ КОДИРОВАННЫХ ДАННЫХ: ТЕКСТОВЫЕ МАТЕРИАЛЫ, МОНОГРАФИЧЕСКИЕ
Кодированные данные о монографическом текстовом документе a z 010yy
181 #0 - ПОЛЕ КОДИРОВАННЫХ ДАННЫХ: ВИД СОДЕРЖАНИЯ
Код вида содержания (ISBD) i3
Код характеристики содержания (ISBD) axxe
182 #0 - ПОЛЕ КОДИРОВАННЫХ ДАННЫХ: ТИП СРЕДСТВА
Код типа средства (ISBD) n - непосредственное
200 1# - ЗАГЛАВИЕ И СВЕДЕНИЯ ОБ ОТВЕТСТВЕННОСТИ
Основное заглавие Современная педагогика: взаимосвязь традиций и инноваций
Сведения, относящиеся к заглавию монография
Первые сведения об ответственности [Архиповская Елена Петровна, преподаватель, Ахматов Зелимхан Мовлаевич, Байбородова Людмила Васильевна, доктор педагогических наук, профессор и др.]
Последующие сведения об ответственности научные редакторы Борисенков В. П., д. п. н., проф., академик РАО, Тореева Т. А., к. философ. н., доцент
-- Московский государственный университет имени М. В. Ломоносова, Факультет педагогического образования
203 ## - ВИД СОДЕРЖАНИЯ И ТИП СРЕДСТВА
Вид содержания Текст
Дополнительные сведения об издании визуальный
Тип средства непосредственный
210 ## - ПУБЛИКАЦИЯ, РАСПРОСТРАНЕНИЕ И ДР.
Место издания, распространения и т.д. Москва
Имя издателя, распространителя и т. д. Макс-Пресс
Дата издания, распространения и т.д. 2024
215 ## - ФИЗИЧЕСКАЯ ХАРАКТЕРИСТИКА
Специфическое обозначение материала и объем 534 с.
Другие сведения о физической характеристике ил., цв. ил., табл.
Размеры 22
300 ## - ОБЩИЕ ПРИМЕЧАНИЯ
Текст примечания Авт. указаны на 530-й с.
300 ## - ОБЩИЕ ПРИМЕЧАНИЯ
Текст примечания На тит. с.: Навстречу 270-летию МГУ им. М. В. Ломоносова
300 ## - ОБЩИЕ ПРИМЕЧАНИЯ
Текст примечания На обл.: 270 МГУ, 1755-2025
300 ## - ОБЩИЕ ПРИМЕЧАНИЯ
Текст примечания Рез. англ.
300 ## - ОБЩИЕ ПРИМЕЧАНИЯ
Текст примечания Доп. информ. в ссылке QR-кода кн.
320 ## - ПРИМЕЧАНИЯ О НАЛИЧИИ В ДОКУМЕНТЕ БИБЛИОГРАФИИ / УКАЗАТЕЛЯ
Текст примечания Библиогр. в конце разделов
606 1# - НАИМЕНОВАНИЕ ТЕМЫ КАК ПРЕДМЕТ
Наименование темы Педагогика
Тематический подзаголовок Методология
Код системы nlr_sh1
-- nlr_sh2
Идентификатор авторитетной/нормативной записи RU\NLR\AUTH\66834471
606 1# - НАИМЕНОВАНИЕ ТЕМЫ КАК ПРЕДМЕТ
Наименование темы Инновации педагогические
Код системы nlr_sh2
Идентификатор авторитетной/нормативной записи RU\NLR\auth\661254463
686 1# - ИНДЕКСЫ ДРУГИХ КЛАССИФИКАЦИЙ
Индекс Ч30в
686 1# - ИНДЕКСЫ ДРУГИХ КЛАССИФИКАЦИЙ
Индекс Ч312
701 #1 - ИМЯ ЛИЦА - АЛЬТЕРНАТИВНАЯ ОТВЕТСТВЕННОСТЬ
Начальный элемент ввода Архиповская
Часть имени, кроме начального элемента ввода Е. П.
Расширение инициалов личного имени Елена Петровна
701 #1 - ИМЯ ЛИЦА - АЛЬТЕРНАТИВНАЯ ОТВЕТСТВЕННОСТЬ
Начальный элемент ввода Ахматов
Часть имени, кроме начального элемента ввода З. М.
Расширение инициалов личного имени Зелимхан Мовлаевич
701 #1 - ИМЯ ЛИЦА - АЛЬТЕРНАТИВНАЯ ОТВЕТСТВЕННОСТЬ
Начальный элемент ввода Байбородова
Часть имени, кроме начального элемента ввода Л. В.
Дополнения к именам, кроме дат д-р пед. наук
Даты 1952-
Расширение инициалов личного имени Людмила Васильевна
Идентификатор авторитетной/нормативной записи RU\NLR\AUTH\77100504
702 #1 - ИМЯ ЛИЦА - ВТОРИЧНАЯ ОТВЕТСТВЕННОСТЬ
Начальный элемент ввода Борисенков
Часть имени, кроме начального элемента ввода В. П.
Дополнения к именам, кроме дат д-р пед. наук
Даты 1939-
Расширение инициалов личного имени Владимир Пантелеймонович
Идентификатор авторитетной/нормативной записи RU\NLR\AUTH\770245605
Код отношения Редактор
712 02 - НАИМЕНОВАНИЕ ОРГАНИЗАЦИИ - ВТОРИЧНАЯ ОТВЕТСТВЕННОСТЬ
Начальный элемент ввода МГУ им. М. В. Ломоносова
Структурное подразделение Факультет педагогического образования
Идентификатор авторитетной/нормативной записи RU\NLR\AUTH\8810200249
Код отношения Прочие
942 ## - ДОПОЛНИТЕЛЬНЫЕ ЭЛЕМЕНТЫ ЗАПИСИ (АБИС)
Тип экземпляра АБИС Книга
980 ## - КОЛЛЕКЦИЯ
Название коллекции Национальная библиография
Экземпляры
Тип экземпляра Дата поступления Источник поступления Библиотека постоянного хранения Библиотека текущего хранения Место хранения Шифр хранения Штрих-код Статус экземпляра Стоимость
Книга 02.04.2025 Обязательный экземпляр РНБ (Московский) РНБ (Московский) Русский книжный фонд 2025-5/2859 1-4922594 Печать карточек  
Книга 02.04.2025 Обязательный экземпляр РНБ (Московский) РНБ (Московский) Русский книжный фонд: издания с 1957 года 2025-5/2859 1-4922595    
Книга 23.04.2025   РНБ (Московский) РНБ (Московский) Залы гуманитарной литературы   ERR-355128   0.00
Книга 24.04.2025   РНБ (Садовая) РНБ (Садовая) Универсальный читальный зал   ERR-355240   0.00